000 01515cam a22004454i 4500
003 PE-LiUPU
005 20251002104542.0
008 150616s r 000 0 d
035 _a(Sirsi) a2234
040 _aPE-LiUPU
_bspa
_cPE-LiUPU
_erda
049 _aPRUA
082 0 4 _a272.6
_bV28
_221
100 1 _aVan Halsema, Thea.,
_eautor.
245 1 0 _aMartir glorioso /
_cThea Van Halsema.
264 1 _aGrand Rapids, Michigan :
_bTELL,
_c1990.
300 _a64 páginas :
_bilustraciones gráf. ;
_c18 cm
336 _atext
_2rdacontent
337 _aunmediated
_2rdamedia
338 _avolume
_2rdacarrier
505 0 _aEl hacha, la cuerda y el fuego -- El predicador hereje -- Por encima de la muralla -- El principio del fin -- Sea hecha tu voluntad.
526 _aSEG42
526 _aSEG41
526 _aSEG40
526 _aSEG39
526 _aP94
526 _aP87
526 _aP86
526 _aP85
526 _aP77
526 _aP76
526 _aP35
650 0 0 _aLibertad religiosa.
_92363
910 _ajck
_bjvq
_cjck
942 _2ddc
_cBOOK
949 _a272.6 V28
_wDEWEY
_c1
_i21097
_lCCODEBUL1
_mBUL
_p00.00
_r0
_sY
_tBOOK
_u19821020
_xTEOLOGIA
_zUNKNOWN
_0COMPRA
_o.STAFF. Colección General
994 _aC0
_bPEPRU
596 _a1
999 _a272.6 V28
_wDEWEY
_c22900
_i21097
_f2021-11-12
_g5
_lCCODEBUL1
_mBUL
_r0
_sY
_tBOOK
_u2015-6-16
_xTEOLOGIA
_zUNKNOWN
_0COMPRA
_o.STAFF. Colección General
_d22900
980 _818226
_gJaime Vilcazán Jefe de Análisis Documental